000
00343nam a2200145Ia 4500
003
OSt
005
20240710114118.0
008
170524s9999 xx 000 0 und d
020
_a
8125936319
040
_c
iimt university meerut
100
_a
SAXENA- S
245
2
_a
A FIRST COURSE IN COMPUTERS
260
_b
VIKAS PUB.HOUSE
942
_2
ddc
_c
02
999
_c
7880
_d
7880